| 000 | 00425nam a22001697a 4500 | ||
|---|---|---|---|
| 003 | SISC | ||
| 005 | 20160404091516.0 | ||
| 008 | 130817t xxu||||| |||| 00| 0 eng d | ||
| 020 | _a0965975401 | ||
| 050 |
_aHQ 1121 _b.C541 2001 |
||
| 082 |
_aHS 320.3310973 _bC77 2001 |
||
| 245 |
_aCool women _cDawn Chipman |
||
| 260 |
_aNew York _bScholastic Inc _c2001 |
||
| 300 |
_a104 p. _c22 cm |
||
| 942 |
_2lcc _cBK |
||
| 999 |
_c8882 _d8882 |
||